00298nam a2200121Ia 4500008004100000100003800041245002600079260002600105300000900131650001200140942000700152999001700159190216s9999||||xx |||||||||||||| ||und|| aMilton S Kiver And Milton Kaufman 0aTelevision Simplified bEast-West Pressc1973 a616p aPhysics cBK c33003d33003